water supply and sanitation; ការផ្គត់ផ្គង់ និងអនម័យទឹក (Record no. 8899)
[ view plain ]
| 000 -LEADER | |
|---|---|
| fixed length control field | 00348nam a22001217a 4500 |
| 040 ## - CATALOGING SOURCE | |
| Transcribing agency | SK |
| 082 ## - DEWEY DECIMAL CLASSIFICATION NUMBER | |
| Classification number | 628 |
| 100 ## - MAIN ENTRY--AUTHOR NAME | |
| Personal name | ប៉ុក ប៊ុនណាត |
| 245 ## - TITLE STATEMENT | |
| Title | water supply and sanitation; ការផ្គត់ផ្គង់ និងអនម័យទឹក |
| 260 ## - PUBLICATION, DISTRIBUTION, ETC. (IMPRINT) | |
| Place of publication | RUA |
| Name of publisher | ប៉ុក |
| Year of publication | 2013 |
| 300 ## - PHYSICAL DESCRIPTION | |
| Number of Pages | 28p. |
| 942 ## - ADDED ENTRY ELEMENTS (KOHA) | |
| Koha item type | សៀវភៅភាសាអង់គ្លេស |
| 952 ## - LOCATION AND ITEM INFORMATION (KOHA) | |
| Withdrawn status [LOCAL, KOHA] | 0 |
| 952 ## - LOCATION AND ITEM INFORMATION (KOHA) | |
| Withdrawn status [LOCAL, KOHA] | 0 |
| 952 ## - LOCATION AND ITEM INFORMATION (KOHA) | |
| Withdrawn status [LOCAL, KOHA] | 0 |
| Permanent Location | Date acquired | Koha item type | Lost status | Shelving location | Barcode | Current Location | Full call number |
|---|---|---|---|---|---|---|---|
| Library Block C | 2016-08-19 | សៀវភៅភាសាអង់គ្លេស | C236 | RUA061742 | Library Block C | 628 ប៉ុក 2013 C236 | |
| Library Block C | 2016-08-19 | សៀវភៅភាសាអង់គ្លេស | C255 | RUA061982 | Library Block C | 628 ប៉ុក 2013 C255 | |
| Library Block C | 2016-08-19 | សៀវភៅភាសាអង់គ្លេស | C255 | RUA41348 | Library Block C | 628 ប៉ុក 2013 C255 |